000 00732nam a2200253Ia 4500
003 OSt
005 20260409160208.0
008 210210b2008 xxu||||| |||| 00| 0 eng d
020 _a8188554316
040 _cAL
041 _aHindi
082 _aH891.8 KHAM
100 _aKHARATE (Madhu)
_dखराटे (मधु)
_9261164
245 _aMedia aur hindi
_bमीडिया और हिंदी
260 _aKanpur
_bVidya Prakashan
_c2008
300 _a200
650 _aMidiya
_9261165
650 _ahindi
_9261166
650 _aaur
_9261167
690 _aHindi Miscellaneous
_9261168
700 _aPATIL (Hanmanth Rao)
_dपाटिल (हनमंत राव)
_9261169
906 _a063526
942 _2ddc
_cBK
999 _c136897
_d136897